1074 1572 1048 1111 1749 1795 1245 1163 1969 1965 1847 1303 1831 1784 1575 1878 1502 1728 1346 1179 1476 1732 1818 1664 1122 1381 1142 1261 1669 1005 1704 1893 1333 1755 1459 1775 1908 1657 1403 1510 1949 1494 1576 1064 1801 1488 1954 1710 1000 1967 1399 1394 1248 1030 1371 1176 1432 1411 1426 1252 1546 1731 1120 1787 1906 1581 1495 1611 1026 1394 1182 1718 1240 1622 1605 1893 1615 1650 1064 1857 1189 1274 1413 1427 1526 1836 1391 1322 1683 1297 1819 1437 1813 1168 1524 1846 1462 1398 1004 BCNSPRNW ULIB Ver.6.0+V

เปลี่ยนเป็นภาษาไทย

Change to English
 แสดงรายละเอียดบรรณานุกรม
  กลับหน้าหลัก

Brief Record : Get Marc (ISO 2709) : E-mail record : QR code < ปิดหน้าต่าง
LEADER : 00000nam 2200000uu 4500
001    13399121858
003     ULIB
008    121212s2549||||th 000 0 tha d
020    ^a9749427998
020    ^a9789749427996
060 04 ^aWO5^bป364ศ ล.34
245 00 ^aศัลยศาสตร์วิวัฒน์ 34 :^bDifficult surgery /^c[บรรณาธิการ],ประยุทธ์ ศิริวงศ์, เพชร เกษตรสุวรรณ, ชาญชัย นิมิตรวานิช
246 30 ^aDifficult surgery
250    ^aพิมพ์ครั้งที่ 1
260    ^aกรุงเทพฯ :^bโฆษิตการพิมพ์,^c2549
300    ^a593 หน้า :^bภาพประกอบ ;^c22 ซม.
650  7 ^aศัลยศาสตร์
653    ^aผลงานอาจารย์คณะแพทยศาสตร์ศิริราชพยาบาล
700 0  ^aประยุทธ์ ศิริวงศ์,^eบรรณาธิการ
700 0  ^aเพชร เกษตรสุวรรณ,^eบรรณาธิการ
700 0  ^aชาญชัย นิมิตรวานิช,^eบรรณาธิการ
945    ^p800^l0^i24772
995    ^aทศพร
999    ^aทศพร เกษรทอง
รายการนี้ยังไม่มีแท็ก
คุณยังไม่ได้ล็อกอิน คุณสามารถมีกิจกรรมร่วมกับเว็บไซต์ได้ แต่ต้องล็อกอินก่อน ::
  ล็อกอิน

รายการสื่อสารสนเทศ

ลำดับที่ ประเภท เลขเรียก/บาร์โค้ด สถานที่ สถานะ
1. วิทยาศาสตร์การแพทย์ และสุขภาพ
วิทยาศาสตร์การแพทย์ และสุขภาพ
WO5 ป364ศ ล.34 ฉ.1 
  Barcode: 24772
ห้องสมุดวิทยาเขตสวรรค์ประชารักษ์
►หนังสือทั่วไป
บนชั้น

รายการใกล้เคียง
    หัวเรื่อง [ศัลยศาสตร์]

BibComment


ยังไม่เคยถูกคอมเมนท์

คอมเมนท์ทรัพยากรรายการนี้
  คอมเมนท์: ศัลยศาสตร์วิวัฒน..


 Copyright 2026. Bcnsprnw @Library